|
|
|
|
| LEADER |
00000ny a22000003n 4500 |
| 005 |
20110517132858.0 |
| 008 |
010419c20019999us p 000 0 eng d |
| 022 |
|
|
|a 1533-1385
|
| 035 |
|
|
|a 3703
|
| 040 |
|
|
|a SpMaUCCE
|d vLex
|
| 080 |
|
|
|a 657(73)(05)
|
| 090 |
|
|
|c 2027
|d 2027
|
| 245 |
0 |
0 |
|a Journal of Government financial management
|h [Recurso electrn̤ico]
|
| 256 |
|
|
|a Servicio en ln̕ea
|
| 260 |
|
|
|a Alexandria, VA :
|b AGA
|
| 310 |
|
|
|a Trimestral
|
| 506 |
1 |
|
|a Contenido solo disponible en los productos indicados
|d vLex Global
|d vLex Global (Academic Edition, excluding Law Schools)
|d vLex Global (U.S. Academic Edition, excluding Law Schools)
|
| 650 |
0 |
4 |
|a Contabilidad
|x Publicaciones perid̤icas
|
| 650 |
0 |
4 |
|a Hacienda pb︢lica
|x Contabilidad
|x Publicaciones perid̤icas
|
| 650 |
0 |
4 |
|a Hacienda pb︢lica
|z Estados Unidos
|x Contabilidad
|x Publicaciones perid̤icas
|
| 710 |
2 |
|
|a Association of Government Accountants (Estados Unidos)
|
| 740 |
|
|
|a vLex Revista (Servicios en ln̕ea)
|
| 780 |
0 |
0 |
|a Government accountants journal,
|x ISSN 0883-1483
|
| 843 |
|
|
|a Electrn̤ica. Abierta
|
| 853 |
|
|
|8 1
|i (year)
|j (month)
|k (day)
|
| 856 |
4 |
0 |
|z Acceso restringido
|u http://vlex.com/source/journal-government-financial-management-3703
|
| 942 |
|
|
|c REV
|